| 000 | 01217nam a22003377a 4500 | ||
|---|---|---|---|
| 003 | CHAP | ||
| 005 | 20220329135847.0 | ||
| 008 | 971013s1994 r 00010 d | ||
| 010 | _a43444 | ||
| 011 | _a44416 | ||
| 035 | _a48554 | ||
| 040 | _cCHAP | ||
| 090 | _aTesis | ||
| 100 | 0 | 0 |
_aMartínez Legaria, Juan Antonio. _972206 |
| 245 | _aSistemas modernos de organización para el desarrollo económico en el subsector forestal indígena de México | ||
| 260 |
_aMarín, N. L. : _bEl autor, _c1994 |
||
| 300 | _a58 h. | ||
| 502 | _aTesis (Ing. Agr. Fitotecnista) -- Universidad Autónoma de Nuevo León. Facultad de Agronomía | ||
| 590 |
_aALEPH _b10 _c20130110 _lUCH01 _h1312 |
||
| 590 |
_aBATCH-UPD _b10 _c20130110 _lUCH01 _h1023 |
||
| 590 |
_aBATCH-UPD _b10 _c20130410 _lUCH01 _h0628 |
||
| 590 |
_aBATCH-UPD _b10 _c20130914 _lUCH01 _h0713 |
||
| 590 |
_aCONVERSION _b10 _c20130109 _lUCH01 _h1324 |
||
| 650 | 1 | 4 |
_aBosques _xAdministración _zMéxico. _914040 |
| 650 | 1 | 4 |
_aBosques _xAspectos económicos _xMéxico. _914076 |
| 650 | 1 | 4 |
_aEmigración e inmigración. _936517 |
| 650 | 1 | 4 |
_aRecursos forestales _xConservación. _995044 |
| 901 | _aBK | ||
| 942 | _cTESIS | ||
| 949 |
_bBC _cTES _d-109883 _eTS1 _h28038 _i48554 _si |
||
| 999 |
_c43444 _d43444 |
||